Preddavky v cudzej mene ku dňu, ku ktorému sa zostavuje účtovná závierka
Zo zákona o účtovníctve vyplýva, že účtovná jednotka je povinná majetok a záväzky vyjadrené v cudzej mene prepočítavať na eurá referenčným výmenným kurzom. Prepočet referenčným kurzom sa nepoužije pri prijatých preddavkoch a pri poskytnutých preddavkoch ku dňu, ku ktorému sa zostavuje účtovná závier...
Uložené v:
| Hlavný autor: | |
|---|---|
| Médium: | Kapitola |
| Jazyk: | Slovak |
| Predmet: | |
| Tagy: |
Žiadne tagy, Buďte prvý, kto otaguje tento záznam!
|
MARC
| LEADER | 00000naa a2200000 4500 | ||
|---|---|---|---|
| 001 | 0152776 | ||
| 005 | 20240502072724.3 | ||
| 041 | 0 | |a slo | |
| 044 | |a SK | ||
| 245 | 1 | 0 | |a Preddavky v cudzej mene ku dňu, ku ktorému sa zostavuje účtovná závierka |c Renáta Pakšiová |
| 520 | |a Zo zákona o účtovníctve vyplýva, že účtovná jednotka je povinná majetok a záväzky vyjadrené v cudzej mene prepočítavať na eurá referenčným výmenným kurzom. Prepočet referenčným kurzom sa nepoužije pri prijatých preddavkoch a pri poskytnutých preddavkoch ku dňu, ku ktorému sa zostavuje účtovná závierka napriek tomu, že majú charakter záväzkov a pohľadávok. Čo z toho vyplýva. | ||
| 610 | 2 | 0 | |a účtovníctvo |
| 610 | 2 | 0 | |a preddavky |
| 610 | 2 | 0 | |a účtovanie |
| 610 | 2 | 0 | |a mena |
| 610 | 2 | 0 | |a závierka účtovná |
| 100 | 1 | |a Pakšiová, Renáta, 1974- | |